Sports Quiz

Random Sports or Baseball Quiz

MLB Living Hall of Famers Quiz Stats

 Plays Quiz Updated Jan 22, 2021

Support Sporcle.
Go Orange.
Score 0/65 Timer 08:00
10 Plays Today
Position Member % Correct
SSDerek Jeter
89.2%
PLee Smith
87.2%
DHEdgar Martinez
87%
OFKen Griffey Jr.
84.3%
CJohnny Bench
84.2%
SSOzzie Smith
84%
PGreg Maddux
83.2%
PRandy Johnson
82.5%
OFWillie Mays
81.7%
PTom Glavine
81.5%
PMariano Rivera
81.2%
SSCal Ripken Jr.
81.1%
3BMike Schmidt
80.3%
PJohn Smoltz
79.7%
3BChipper Jones
79.5%
CMike Piazza
79.1%
1BJeff Bagwell
77.8%
PPedro Martinez
77.3%
CIvan Rodriguez
77.1%
2BCraig Biggio
76.9%
OFReggie Jackson
76.7%
3BBrooks Robinson
75.6%
1BFrank Thomas
75.4%
PNolan Ryan
74.4%
SSRobin Yount
74.3%
1BJim Thome
73.3%
3BGeorge Brett
72.4%
2BRyne Sandberg
72.2%
2BRoberto Alomar
69.6%
OFLarry Walker
69.3%
CCarlton Fisk
69.1%
PSteve Carlton
68.8%
3BPaul Molitor
68.8%
Position Member % Correct
DHHarold Baines
68.7%
OFRickey Henderson
68.4%
PSandy Koufax
68.3%
OFCarl Yastrzemski
67.5%
SSAlan Trammell
66.7%
3BWade Boggs
65.9%
OFAndre Dawson
64.6%
PJack Morris
64.5%
PDennis Eckersley
64.4%
OFBilly Williams
63.9%
PTrevor Hoffman
63.8%
PJim Palmer
63.3%
OFJim Rice
63.2%
1BEddie Murray
63%
OFDave Winfield
62.8%
PBert Blyleven
61.9%
SSBarry Larkin
61.8%
IFTony Perez
61.5%
OFTim Raines
61.2%
OFVladimir Guerrero
61%
PMike Mussina
59.8%
PRollie Fingers
59.7%
PGoose Gossage
58.6%
2BRod Carew
58.6%
CTed Simmons
55.5%
PGaylord Perry
54%
PFergie Jenkins
53.8%
PBruce Sutter
53.4%
SSLuis Aparicio
50.8%
PJuan Marichal
49.4%
1BOrlando Cepeda
48.1%
2BBill Mazeroski
46.3%

You're not logged in!

Compare scores with friends on all Sporcle quizzes.
OR
Log In

From the Vault

Tea or Tyrant?

by MrChewypoo

Maybe if these tyrants just took more time to relax with a cup of tea, they wouldn't have gotten so out of control.
Remove Ads.
Support Sporcle.
Get the best of Sporcle when you Go Orange. This ad-free experience offers more features, more stats, and more fun while also helping to support Sporcle. Thank you for becoming a member.

Show Comments

Extras

Top Quizzes Today


Score Distribution

Your Account Isn't Verified!

In order to create a playlist on Sporcle, you need to verify the email address you used during registration. Go to your Sporcle Settings to finish the process.

Report this User

Report this user for behavior that violates our Community Guidelines.

Details: